000 00942nam a2200301Ia 4500
001 Para_6155
003 CHAP
008 220125s1983 xx 000 0 und d
010 _a204935
040 _cCHAP
090 _aPA FOLLETO 282
100 _aSoto Rosiles, Jorge
_9108913
245 _aCómo cultivar cacao en la región del Soconusco /
_c por Jorge Soto Rosiles, Guillermo Fraire Vázquez y Rocío R. Archundia Romero
260 _aMéxico :
_b INIA.CIAPS
300 _a15 p.
440 _aFolleto para productores
_942060
650 _aCacao
_916918
700 _aArchundia Romero, Rocío R.
_96813
700 _aFraire Vázquez, Guillermo
_942862
710 _aInstituto Nacional de Investigaciones Agrícolas. CIAPS
_9170880
901 _aPA FOLLETO 282
902 _aA
905 _a0000001983 a 0000000000 00
910 _a1983
942 _cPARA
942 _cPARA
_d1
999 _c204935
_d204935